Petr Kareš. 2

Main Author: Kareš, Petr
Language: Czech
Published: Praha : R.A. Dvorský, [1944?]
Physical Description: 1 partitura (15 s.)
Musical Score Musical Score
Saved in:
LEADER 00800ncm a22002292a 4500
001 001349773
003 CZ BrMZK
005 20140303084622.0
007 qu
008 131129s1944 xr |||||||||||||||||cze d
015 |a cnb002456929 
040 |a BOA001  |b cze 
072 7 |a 784  |x Vokální hudba  |2 Konspekt  |9 9 
100 1 |a Kareš, Petr  |7 jx20090828008  |4 cmp 
245 1 0 |a Petr Kareš.  |n 2  |h [hudebnina] 
260 |a Praha :  |b R.A. Dvorský,  |c [1944?] 
300 |a 1 partitura (15 s.) 
505 0 0 |t Melodie nedá mi spát --  |t Voláme tě písní svou --  |t Hudba a smích --  |t Tak jako zázrakem --  |t Nesmím, nesmím-- --  |t Desatero lásky 
910 |a BOA001  |b Mus4-0168.267,2 
990 |a MU 
991 |b 201311 
996 6 |b 2619631234  |c Mus4-0168.267,2  |l MZK  |r Sklad / do 1 hodiny  |n 0  |w 001384650  |u 000010  |a 1  |e BOA001  |j MZK50  |s P